Normal view
MARC view
- Jonathan H. Klein
Entry Corporate Name
001 - CONTROL NUMBER
- control field: 125168
003 - CONTROL NUMBER IDENTIFIER
- control field: NUST
005 - DATE AND TIME OF LATEST TRANSACTION
- control field: 20240815175821.0
008 - FIXED-LENGTH DATA ELEMENTS
- fixed length control field: 240815|| aca||aabn | a|a d
040 ## - CATALOGING SOURCE
- Original cataloging agency: NUST
- Transcribing agency: NUST
110 ## - HEADING--CORPORATE NAME
- Corporate name or jurisdiction name as entry element: Jonathan H. Klein
670 ## - SOURCE DATA FOUND
- Source citation: Work cat.: (NUST): Mik Wisniewski 125167, Linear Programming, 2001.
